| LEADER 00000nam 2200000uu 4500 |
| 001 208367 |
| 003 ULIBM |
| 008 121025s2554||||th 000 0 tha d |
| 020 ^a9789746726290
|
| 040 ^abns
|
| 041 0 ^atha
|
| 060 04 ^aWX165^bอ463ห 2554
|
| 100 0 ^aอะเคื้อ อุณหเลขกะ
|
| 245 10 ^aหลักและแนวปฏิบัติในการทำลายเชื้อและการทำให้ปราศจากเชื้อ =^bPrinciples and guideline for disinfection and sterilization /^c อะเคื้อ อุณหเลขกะ
|
| 246 31 ^aPrinciples and guideline for disinfection andsterilization
|
| 250 ^aพิมพ์ครั้งที่ 1
|
| 260 ^aเชียงใหม่ :^bคณะพยาบาลศาสตร์ มหาวิทยาลัยเชียงใหม่,^c2554
|
| 300 ^a[21], 441 หน้า :^bภาพประกอบ ;^c25 ซม.
|
| 650 4 ^aการทำลายเชื้อ
|
| 650 4 ^aการทำไร้เชื้อ
|
| 650 4 ^aการทำให้ปราศจากเชื้อ
|
| 710 2 ^aมหาวิทยาลัยเชียงใหม่. ^bคณะพยาบาลศาสตร์
|
| 999 ^aใช้งานได้ทุกระบบ
|